Nomenclature des acides gras (AGs) - Statistiques

Statistiques générales
  • Ce quiz a été pris 93 fois
  • Le résultat moyen est 7 sur 13
Statistiques - réponses
Nomenclature Nom commun Nom systématique % Correct
C18 : 2 Δ9, 12 Linoléique 9,12-octadécadiènoïque
88%
C18: 1 Δ9 Oléique 9-octadécènoïque
78%
C16 : 0 Palmitique Hexadécanoïque
78%
C18 : 3 Δ9, 12, 15 Linolénique 9,12,15-octadécatriènoïque
69%
C20 : 4 Δ5,8,11,14 Arachidonique 5,8,11,14 eicosatétraènoïque
63%
C18 : 0 Stéarique Octadécanoïque
63%
C4 : 0 Butyrique Butanoïque
50%
C14 : 0 Myristique Tétradécanoïque
47%
C16 : 1 Δ9 Palmitoléique 9-hexadécènoïque
47%
C12 : 0 Laurique Dodécanoïque
44%
C18 : 3 Δ6, 9, 12 y-linolénique 6,9,12-octadécatriènoïque
13%
C22 : 6 Δ4,7,10,13,16,19 Cervonique 4,7,10,13,16,19 docosahexaènoïque (DHA)
9%
C20 : 5 Δ5,8,11,14,17 Timnodique 5,8,11,14,17 eicosapentaènoïque (EPA)
6%
Aucun quiz correspondant
Distribution des résultats
% des personnes avec chaque résultat
Percentile par nombre de réponses
Votre historique - résultats
Vous n’avez pas pris ce quiz